000 00321nam a2200121Ia 4500
999 _c10884
_d10884
008 191201s2007 xx 000 0 und d
100 _aTYAGI, Anita
245 0 _aHistory of Fashion Design
260 _aNew Delhi
_bSonali
_c2019
300 _a288
650 _aBachelor of Fashion and Apparel Design
942 _2ddc
_cBK
_01